000
00291nam a22001337a 4500
008
171123b xxu||||| |||| 00| 0 eng d
020
_a
0486637603
041
_a
eng
080
_a
311
100
_a
55
101
_a
STA
245
_a
PRINCIPLES STATISTICS
_c
BULMER.M.G
942
_2
udc
_c
BK
999
_c
38405
_d
38405